LEADER 01063nam0-22003251i-450- 001 990002052920403321 005 20051004162200.0 010 $a0-87805-060-4 035 $a000205292 035 $aFED01000205292 035 $a(Aleph)000205292FED01 035 $a000205292 100 $a20030910d1974----km-y0itay50------ba 101 0 $aita 200 1 $aProceedings of the summer Institute on biological control of plant insects and deseases$fed. by Fonden G. Maxwell and F.A. Harris 210 $aJackson$cUniversity press of Mississippi$d1974 215 $a647 p.$d28 cm 610 0 $aLotta Biologica 610 0 $aControllo Biologico 610 0 $aLotta Biologica e Integrata 676 $a632.96 702 1$aHarris,$bFrancis Aubrey 702 1$aMaxwell,$bFowden G. 801 0$aIT$bUNINA$gRICA$2UNIMARC 901 $aBK 912 $a990002052920403321 952 $a61 VII B.5/43$b4262 (2/3/77)$fDAGEN 959 $aDAGEN 996 $aProceedings of the summer Institute on biological control of plant insects and deseases$9406057 997 $aUNINA LEADER 01082nam0 22002771i 450 001 SUN0022990 005 20180724094041.393 010 $a88-435-7412-4 100 $a20040908d2000 |0itac50 ba 101 $aita 102 $aIT 105 $a|||| ||||| 200 1 $aIfriqiya$etredici secoli d'arte e d'architettura in Tunisia 210 $aMilano$cElecta$aTunisi$cDemeter$dc2000 215 $a310 p.$cill.$d22 cm. 410 1$1001SUN0022991$12001 $aˆL'‰arte islamica nel Mediterraneo$1210 $aMilano$cElecta. 620 $dTunisi$3SUNL000264 620 $dMilano$3SUNL000284 712 $aDemeter$3SUNV001026$4650 712 $aElecta$3SUNV008644$4650 801 $aIT$bSOL$c20181109$gRICA 912 $aSUN0022990 950 $aBIBLIOTECA DEL DIPARTIMENTO DI ARCHITETTURA E DISEGNO INDUSTRIALE$d01 PREST IBa184(4) $e01 28526 995 $aBIBLIOTECA DEL DIPARTIMENTO DI ARCHITETTURA E DISEGNO INDUSTRIALE$bIT-CE0107$h28526$kPREST IBa184(4)$op$qa 996 $aIfriqiya$9878275 997 $aUNICAMPANIA